000 00731nam a2200217Ii 4500
003 JO-AjNU
008 230606s9999||||xx |||||||||||||| ||und||
020 _a978-0-19-921492-1
040 _aJO-AjNU
_beng
_erda
_cJO-AjNU
041 _aeng
050 1 4 _aPR19.D73.2007
100 3 _a Drabble, Margaret, Stringer, Jenny,
_eauthor
_92028
245 0 4 _aThe concise Oxford companion to English literature
250 _a3 ed
264 3 1 _aNew York: Oxford University Press, 2007
300 _a804p
336 _atext
_btxt
_2rdacontent
337 _aunmediated
_bn
_2rdamedia
338 _avolume
_bnc
_2rdacarrier
650 4 _aEnglish literature -- Encyclopedias -- English literature -- Bio-bibliography -- Encyclopedias
_92029
999 _aE1066
_c1066
_d1066